00493nam a22001577a 4500020001800000040000900018082001700027100001900044245003600063250001700099260004000116650004200156942001200198999001900210952010600229 a9781292088723 cNUST a620.1054 HIB aHibbeler R. C. aEngineering Mechanics: Dynamics a14th Edition aEngland:bPearson Education,c2017. aEngineering Mechanics Dynamics 93079 2ddccBK c589936d589936 00102ddc4070aCEMEbCEMEcGENd2022-05-24l0o620.1054 HIBpCEME-30010r2022-05-24w2022-05-24yBK